Представление документа в формате RUSMARC

ПолеНазваниеЗначение
  Тип записи a
  Библиографический уровень m
001 Контрольный номер RU\NLR\BIBL_A\011871893
005 Дата корректировки 20201206205209.7
010 Индекс ISBN __
a ISBN 978-5-4484-0644-7 (в пер.)
d Цена 674-52, 1000 экз.
100 Данные общей обработки __
a Данные общей обработки 19181128d2018 |||y0rusy0189 ca
101 Язык документа 0_
a Язык текста rus
102 Страна публикации __
a Страна публикации RU
102 Страна публикации __
a Страна публикации RU
105 Кодированные данные (монография) __
a Кодированные данные (монография) #|||||||0|0zy
200 Заглавие и сведения об ответственности 1_
a Заглавие Разведчики Зеленой страны
e Сведения, относящиеся к заглавию роман
f Первые сведения об ответственности Г. Тушкан
b Общее обозначение материала Текст
210 Выходные данные __
a Место издания Москва
c Издательство Вече
d Дата издания 2018
215 Физическое описание __
a Объем 445, [2] с.
c Иллюстрации/тип воспроизводства ил.
d Формат 21 см
225 Серия __
a Серия Новая библиотека приключений и научной фантастики
330 Аннотация __
a Аннотация Знаменитый роман русского советского писателя, ученого-натуралиста и путешественника Георгия Тушкана "Разведчики Зеленой страны" посвящен проблемам биологии и экологии и повествует об успехах советских селекционеров, которые во время войны в обстановке строжайшей секретности создали сады тропических и субтропических культур на Памире. Не обошлось и без традиционных для того периода погонь за шпионами.
333 Примечание о целевом назначении __
a Примечание о целевом назначении 12+. Для детей старше 12 лет
606 Тематические рубрики __
a Основная рубрика Художественная литература
606 Тематические рубрики __
a Основная рубрика Современная русская литература (произведения)
610 Ключевые слова __
a Ключевые слова романы
610 Ключевые слова __
a Ключевые слова проза
610 Ключевые слова __
a Ключевые слова современная проза
610 Ключевые слова __
a Ключевые слова тема истории
610 Ключевые слова __
a Ключевые слова тема войны
610 Ключевые слова __
a Ключевые слова селекционеры
610 Ключевые слова __
a Ключевые слова тема шпионов
610 Ключевые слова __
a Ключевые слова тема приключений
610 Ключевые слова __
a Ключевые слова тема разведчиков
686 Индексы других классификаций __
2 Код системы rubbks
a Классификационный индекс 84(2=411.2)6-4; ст84(2=411.2)6-4
700 Автор _1
a Фамилия Тушкан
b Имя Г. П.
f Даты 1905-1965
g Полное личное имя Георгий Павлович
4 Код отношения 070
801 Источник записи _0
a Страна RU
b Организация NLR
c Дата составления 20181128
g Правила каталогизации PSBO
801 Источник записи _2
a Страна RU
b Организация Муниципальное бюджетное учреждение культуры "Централизованная библиотечная система" г. Сургут (Центральная городская библиотека им. А. С. Пушкина)
c Дата составления 20181128
852 Данные о местонахождении __
j Шифр хранения 84(2=411.2)6-4
i Авторский знак Т 92
901 Тип документа __
a Ответственный ООФиК/Волкова
t Тип документа m
903 Характеристики (МАРС) __
a Дата передачи 20190913
990 Данные о заказе (DOS) __
j Количество экземпляров (DOS) 2
t N записи в КСУ для И/У (DOS) 201909